Úprava ocenenia dlhodobého majetku a jej vplyv na používateľov údajov z účtovnej závierky diplomová práca

Uložené v:
Podrobná bibliografia
Hlavný autor: Bošková, Marianna
Korporativný autor: Fakulta hospodárskej informatiky EU. Katedra účtovníctva a audítorstva
Ďalší autori: Juhászová, Zuzana, 1970-
Médium: Kniha
Jazyk:Slovak
Vydavateľské údaje: Bratislava 2023
Tagy: Pridať tag
Žiadne tagy, Buďte prvý, kto otaguje tento záznam!

MARC

LEADER 00000nbm a2200000 4500
001 0294143
005 20240326112910.6
041 0 |a slo 
044 |a SK 
245 1 0 |a Úprava ocenenia dlhodobého majetku a jej vplyv na používateľov údajov z účtovnej závierky  |b diplomová práca  |c Marianna Bošková ; školiteľ: Zuzana Juhászová 
264 1 |a Bratislava  |c 2023 
300 |a 62 s. 
100 1 |a Bošková, Marianna 
700 1 |a Juhászová, Zuzana, 1970- 
710 2 |a Fakulta hospodárskej informatiky EU. Katedra účtovníctva a audítorstva